000 00651cam a22002173a 4500
001 39137
003 PGUSA
005 20140828083853.0
008 120314s2012||||xxu|||||s|||||000 | eng d
040 _aPGUSA
_beng
042 _adc
100 1 _aWeyman, Stanley John,
_d1855-1928
245 1 0 _aShrewsbury :
_bA Romance
_h[electronic resource] /
_cStanley John Weyman
260 _bProject Gutenberg,
_c2012
506 _aPublic domain in the USA.
516 _aElectronic text
700 1 _aShepperson, Claude A.
_q(Claude Allin),
_d1867-1921
830 0 _aProject Gutenberg
_v39137
856 4 0 _uhttp://www.gutenberg.org/ebooks/39137
942 _cEB
999 _c268390
_d268390